| 000 | 00413nam a22001577a 4500 | ||
|---|---|---|---|
| 003 | OSt | ||
| 005 | 20260320144818.0 | ||
| 008 | 260320b |||||||| |||| 00| 0 eng d | ||
| 020 | _a9788194898634 | ||
| 040 | _cIIMT UNIVERSITY MEERUT | ||
| 100 | _a Gaurav Agarwal, Parmeet Kaur | ||
| 245 | _aComputer Application In Pharmacy Theory & Parctical | ||
| 250 | _a2026 | ||
| 260 |
_aNEW DELHI _bCBS |
||
| 942 |
_2ddc _c01 |
||
| 999 |
_c67323 _d67323 |
||